| 000 | 00839nam a2200181Ia 4500 | ||
|---|---|---|---|
| 008 | 090124s9999 xx 000 0 und d | ||
| 082 | _b39468 | ||
| 100 | _aवाडेकर देवीदास दत्तात्रेय | ||
| 245 | _a मराठी तत्त्वज्ञान महाकोश 3 | ||
| 250 | _a1 | ||
| 260 |
_b"मराठी तत्त्वज्ञान-महाकोश मंडळ, पुणे" _c1974 |
||
| 300 | _a511 | ||
| 600 | _aवाडेकर देवीदास दत्तात्रेय | ||
| 630 | _a मराठी तत्त्वज्ञान महाकोश 3 | ||
| 700 | _aवाडेकर देवीदास दत्तात्रेय | ||
| 730 | _a मराठी तत्त्वज्ञान महाकोश 3 | ||
| 942 | _cBOOK | ||
| 999 |
_c105520 _d105520 |
||